000 00449nam a2200145Ia 4500
008 140724s9999 xx 000 0 und d
050 _aHD 60
_b.R788 2012
100 _aRosal, Ma Shalla Mae P.
245 _aBap House /
_cMa. Shalla Mae P. Rosal.
260 _aLas PiƱas, Philippines :
_bSouthville International School and Colleges,
_cc2012.
300 _a54 p. :
_bcol. ill. ;
_c28 cm.
521 _aEntrepeneur
942 _cTH
999 _c229202
_d229202